Statistiques concernant Traduction anglais-français n°4

Cliquez ici pour prendre le quiz!

Statistiques générales

  • Ce quiz a été pris 391 fois
  • Le résultat moyen est 15 sur 30

Statistiques - réponses

Noms anglaisNoms français% Correct
PandaPanda
97%
ScorpioScorpion
97%
PumaPuma
96%
RatRat
96%
AntelopeAntilope
95%
Tiger sharkRequin-tigre
88%
YakYack
83%
Hammerhead sharkRequin-marteau
80%
ZebuZébu
77%
FlamingoFlamant rose
71%
Leopard sharkRequin-léopard
69%
NarwhalNarval
68%
ImpalaImpala
63%
GoldfishPoisson rouge
63%
EmuÉmeu
51%
OstrichAutruche
50%
OryxOryx
39%
JackalChacal
32%
Sleeper sharkRequin-dormeur
28%
PlatypusOrnithorynque
21%
CraneGrue
15%
Sperm whaleCachalot
14%
AnteaterTamanoir
14%
Nurse sharkRequin-nourrice
13%
Bull SharkRequin-bouledogue
11%
MareJument
9%
Basking sharkRequin-pèlerin
8%
WarthogPhacochère
7%
Scorpion fishRascasse
5%
Thresher sharkRequin-renard
4%

Distribution des résultats

Percentile par nombre de réponses

% des personnes avec chaque résultat

Votre développement - résultats

Vous n’avez pas pris ce quiz